000
00311nam a22001337a 4500
008
181019b xxu||||| |||| 00| 0 eng d
020
_a
9781609136949
041
_a
eng
080
_2
9 ED
_a
610.73
100
_a
2
101
_a
INF
245
_a
Psychiatric Nursing Care Plans
_c
Judith.M.S
942
_2
udc
_c
BK
999
_c
50221
_d
50221